Statistics for Battlestar Galactica

Click here to take the quiz!

General Stats

  • This quiz has been taken 122 times
  • The average score is 7 of 14

Answer Stats

HintAnswer% Correct
What was the name given to the race robotsCylons
90%
What was the name of the fighters flown by the Galactica pilotsVipers
73%
In the Remake name the 2nd Battlestar they findPegasus
72%
Name the scientist who aided the attack on Caprica (remake)Gaius Baltar
57%
What was the name of the president in the remakeLaura Roslin
51%
What are the 12 Colonies named afterSigns of the Zodiac
51%
What was their reply when given an orderBy your command
47%
Which actor played Apollo in the original and Tom Zarek in the remakeRichard Hatch
47%
Who played Starbuck in the original seriesDirk Benedict
44%
Approximately how many people survive the attacks on the 12 Colonies50,000
42%
What was Admiral Adama's callsign when he was a pilotHusker
41%
Name the actress who played Number SixTricia Helfer
34%
Who created the seriesGlen A Larson
24%
Who made a Quantam Leap as Number One in the remakeDean Stockwell
18%

Score Distribution

Percentile by Number Answered

Percent of People with Each Score

Your Score History

You have not taken this quiz